Les meilleurs buteurs de chaque clubs en Ligue 1 depuis 2010 - Statistiques

Statistiques générales
  • Ce quiz a été pris 721 fois
  • Le résultat moyen est 58 sur 180
Statistiques - réponses
Année Club Buteur Buts % Correct
2016 Paris Cavani 35
95%
2017 Paris Cavani 28
95%
2012 Paris Zlatan 30
95%
2013 Paris Zlatan 26
95%
2014 Paris Zlatan 19
95%
2015 Paris Zlatan 38
95%
2018 Paris Mbappe 33
94%
2013 Lyon Lacazette 15
91%
2014 Lyon Lacazette 27
91%
2015 Lyon Lacazette 21
91%
2016 Lyon Lacazette 28
91%
2012 Marseille Gignac 13
84%
2013 Marseille Gignac 16
84%
2014 Marseille Gignac 21
84%
2010 Montpellier Giroud 12
84%
2011 Montpellier Giroud 21
84%
2017 Marseille Thauvin 22
82%
2018 Marseille Thauvin 16
82%
2016 Monaco Falcao 21
81%
2017 Monaco Falcao 18
81%
2018 Monaco Falcao 15
81%
2011 Lille Hazard 20
78%
2016 Marseille Gomis 20
76%
2012 Lyon Gomis 16
76%
2010 Saint Etienne Payet 13
76%
2012 Toulouse Ben Yedder 15
74%
2012 Toulouse Ben Yedder 16
74%
2014 Toulouse Ben Yedder 14
74%
2015 Toulouse Ben Yedder 17
74%
2018 Lyon Dembele 15
73%
2015 Rennes Dembele 12
73%
2018 Rennes Niang 11
73%
2010 Lyon Lisandro 17
71%
2011 Lyon Lisandro 16
71%
2017 Lyon Memphis 19
70%
2018 Montpellier Delort 14
62%
2015 Caen Delort 12
62%
2016 Nancy Dia 8
62%
2010 Lille Sow 25
62%
2017 Lille Pepe 13
61%
2018 Lille Pepe 22
61%
2010 Paris Nene 14
57%
2011 Paris Nene 21
57%
2016 Nice Balotelli 15
56%
2017 Nice Balotelli 18
56%
2010 Lorient Gameiro 22
55%
2015 Nantes Sala 6
53%
2016 Nantes Sala 12
53%
2017 Nantes Sala 12
53%
2018 Nantes Sala 12
53%
2015 Nice Ben Arfa 17
50%
2011 Saint Etienne Aubameyang 16
49%
2012 Saint Etienne Aubameyang 19
49%
2016 Guingamp Briand 12
47%
2017 Guingamp Briand 11
47%
2014 Lille Roux 9
46%
2015 Saint Etienne Roux 9
46%
2017 Metz Roux 15
46%
2016 Saint Etienne Hamouma 7
43%
2013 Montpellier Cabella 14
42%
2017 Saint Etienne Cabella 8
42%
2018 Saint Etienne Khazri 13
42%
2010 Marseille Remy 16
42%
2011 Marseille Remy 12
42%
2014 Guingamp Beauvue 17
36%
2015 Marseille Batshuayi 17
35%
2013 Saint Etienne Erding 11
34%
2012 Montpellier Camara 10
33%
2015 Montpellier Camara 7
33%
2016 Toulouse Braithwaite 11
32%
2014 Lorient Ayew 12
30%
2013 Bordeaux Diabate 12
29%
2015 Bordeaux Diabate 10
29%
2016 Metz Diabate 8
29%
2017 Toulouse Gradel 8
29%
2018 Toulouse Gradel 11
29%
2014 Saint Etienne Gradel 17
29%
2017 Angers Toko Ekambi 17
28%
2012 Nice Cvitanich 19
27%
2013 Nice Cvitanich 8
27%
2016 Lille De Preville 14
27%
2015 Reims De Preville 6
27%
2012 Evian Khlifa 13
27%
2017 Dijon Tavares 12
22%
2018 Dijon Tavares 5
22%
2017 Bordeaux Malcom 12
21%
2013 Lorient Aboubakar 16
20%
2010 Valenciennes Pujol 17
20%
2012 Valenciennes Pujol 8
20%
2012 Lille Kalou 14
19%
2013 Lille Kalou 16
19%
2018 Guingamp Thuram 9
19%
2018 Caen Crivelli 6
17%
2016 Bastia Crivelli 10
17%
2016 Caen Santini 15
16%
2017 Caen Santini 11
16%
2018 Angers Bahoken 11
15%
2017 Strasbourg Bahoken 7
15%
2017 Rennes Bourigeaud 10
15%
2016 Dijon Diony 11
15%
2015 Lorient Moukandjo 13
15%
2016 Lorient Moukandjo 13
15%
2014 Reims Moukandjo 8
15%
2014 Evian Wass 8
15%
2012 Lorient Aliadiere 15
14%
2015 Lille Boufal 11
14%
2010 Nancy Hadji 8
14%
2011 Caen Nivet 7
14%
2012 Troyes Nivet 10
14%
2018 Nice Saint Maximin 6
14%
2011 Bordeaux Gouffran 14
13%
2012 Bordeaux Gouffran 8
13%
2014 Rennes Ntep 9
12%
2011 Toulouse Rivière 5
12%
2013 Monaco Rivière 10
12%
2014 Bordeaux Rolan 15
12%
2016 Bordeaux Rolan 9
12%
2013 Guingamp Yatabare 11
12%
2018 Nimes Bouanga 8
11%
2012 Rennes Feret 11
11%
2017 Amiens Konate 13
11%
2018 Amiens Konate 7
11%
2014 Monaco Silva 9
11%
2015 Monaco Silva 7
11%
2013 Evian Berigaud 10
10%
2017 Montpellier Sio 10
10%
2016 Rennes Sio 9
10%
2010 Caen El Arabi 17
9%
2010 Bordeaux Modeste 10
9%
2012 Bastia Modeste 15
9%
2012 AC Ajaccio Mutu 11
9%
2013 Sochaux Bakambu 7
8%
2017 Troyes Niane 8
8%
2018 Reims Oudin 10
8%
2014 Montpellier Barrios 11
7%
2011 Valenciennes Danic 7
7%
2013 Nantes Djordjevic 10
7%
2014 Nice Eduardo 10
7%
2010 Brest Grougi 9
7%
2011 Brest Grougi 9
7%
2011 Lorient Monnet Paquet 6
7%
2010 Auxerre Pedretti 5
7%
2013 Valenciennes Waris 9
7%
2011 AC Ajaccio Ilan 6
6%
2018 Bordeaux Kamano 10
6%
2018 Strasbourg Mothiba 10
6%
2016 Montpellier Mounie 14
6%
2015 Angers N'Doye 9
6%
2010 Monaco Chu Young 12
5%
2010 Sochaux Maiga 15
5%
2011 Sochaux Maiga 9
5%
2014 Metz Maiga 9
5%
2010 Rennes Montano 9
5%
2014 Lens Touzghar 8
5%
2015 Gazelec Larbi 8
4%
2010 Arles Dja Dje Dje 4
3%
2011 Auxerre Oliech 10
3%
2015 Guingamp Privat 7
3%
2012 Sochaux Privat 9
3%
2011 Evian Sagbo 10
3%
2014 Bastia Ayité 6
2%
2015 Bastia Ayité 8
2%
2013 Bastia Bruno 8
2%
2012 Reims Courtet 9
2%
2016 Angers Diedhiou 8
2%
2011 Dijon Jovial 9
2%
2011 Rennes Kembo Ekoko 10
2%
2010 Nice Mouloungui 8
2%
2011 Nice Mounier 8
2%
2011 Nancy Niculae 6
2%
2013 Rennes Oliveira 8
2%
2012 Nancy Puygrenier 7
2%
2013 AC Ajaccio Tallo 7
2%
2014 Nantes Veretout 7
2%
2014 Caen Bazile 7
1%
2012 Brest Ben Basat 9
1%
2015 Troyes Camus 5
1%
2010 Lens Jemaa 5
1%
2013 Reims Oniangue 10
1%
2010 Toulouse Santander 5
0%
Aucun quiz correspondant
Distribution des résultats
% des personnes avec chaque résultat
Percentile par nombre de réponses
Votre historique - résultats
Vous n’avez pas pris ce quiz